Construction Act Review (Record no. 75118)

MARC details
000 -LEADER
fixed length control field 01747cab a2200277 4500
001 - CONTROL NUMBER
control field L129455
008 - FIXED-LENGTH DATA ELEMENTS--GENERAL INFORMATION
fixed length control field 050420n2005 000 0 eng u
035 ## - SYSTEM CONTROL NUMBER
System control number (Sirsi) u129455
041 ## - LANGUAGE CODE
Language code of text/sound track or separate title eng
100 ## - MAIN ENTRY--PERSONAL NAME
Personal name Klein, Rudi
245 ## - TITLE STATEMENT
Title Construction Act Review
260 ## - PUBLICATION, DISTRIBUTION, ETC.
Date of publication, distribution, etc. 2005
490 ## - SERIES STATEMENT
Series statement Building
Volume/sequential designation 270(8376) 8 April, 53(1)
520 ## - SUMMARY, ETC.
Summary, etc. Features four articles which deal with the DTI review of the Construction Act 1996. "Show me the money" outlines the possible shortcomings in the Act's payment provisions and mentions the DTI's proposals for this which include how contracts should inform the way payments should be determined and when a payment is to be assessed. "Away with the fairies" argues against the idea that adjudicators can rewrite laws and be made impartial. "What the review missed" discusses the concerns about the statutory payment and adjudication provisions of the Act but warns that the review fails to deal with them properly. In "When less isn't more" criticises the review for failing to address certain key areas like the lack of a single procedure for adjudications
590 ## - LOCAL NOTE (RLIN)
Local note IKA290405
650 ## - SUBJECT ADDED ENTRY--TOPICAL TERM
Topical term or geographic name entry element HOUSING GRANTS, CONSTRUCTION AND REGENERATION ACT 1996 S110
650 ## - SUBJECT ADDED ENTRY--TOPICAL TERM
Topical term or geographic name entry element HOUSING GRANTS, CONSTRUCTION AND REGENERATION ACT 1996 S111
650 ## - SUBJECT ADDED ENTRY--TOPICAL TERM
Topical term or geographic name entry element HOUSING GRANTS, CONSTRUCTION AND REGENERATION ACT 1996 PART II
650 ## - SUBJECT ADDED ENTRY--TOPICAL TERM
Topical term or geographic name entry element SCHEME FOR CONSTRUCTION CONTRACTS
690 ## - LOCAL SUBJECT ADDED ENTRY--TOPICAL TERM (OCLC, RLIN)
Topical term or geographic name as entry element BUILT ENVIRONMENT-CONSTRUCTION MANAGEMENT-BUILDING CONTRACT ADMINISTRATION
690 ## - LOCAL SUBJECT ADDED ENTRY--TOPICAL TERM (OCLC, RLIN)
Topical term or geographic name as entry element MANAGEMENT-DISPUTE AVOIDANCE, MANAGEMENT AND RESOLUTION-DISPUTE MANAGEMENT AND RESOLUTION-ALTERNATIVE DISPUTE RESOLUTION-ADJUDICATION
700 ## - ADDED ENTRY--PERSONAL NAME
Personal name Bingham, Tony
700 ## - ADDED ENTRY--PERSONAL NAME
Personal name Henchie, Nick
700 ## - ADDED ENTRY--PERSONAL NAME
Personal name Redmond, John
942 ## - ADDED ENTRY ELEMENTS (KOHA)
Suppress in OPAC 0
Holdings
Withdrawn status Lost status Source of classification or shelving scheme Damaged status Not for loan Home library Current library Shelving location Date acquired Total Checkouts Full call number Barcode Date last seen Copy number Price effective from Koha item type
    Dewey Decimal Classification     London London Journal article 20/04/2005   L129455 129455-1001 06/08/2019 1 06/08/2019 Journal article